Foundations of Synergetics 2 Complex Patterns

Salvato in:
Dettagli Bibliografici
Autore principale: Mikhailov, A.S
Altri autori: Loskutov, A.YU
Natura: Libro
Lingua:inglese
Pubblicazione: Berlin Springer 1991
Edizione:1. ed.
Soggetti:
Tags: Aggiungi Tag
Nessun Tag, puoi essere il primo ad aggiungerne!!

MARC

LEADER 00000nam a2200000 4500
001 c005992
005 20221206114606.4
020 |a 3-540-53448-2 
041 0 |a eng 
044 |a DE 
245 1 0 |a Foundations of Synergetics 2  |b Complex Patterns  |c A.S. Mikhailov, A.YU. Loskutov 
250 |a 1. ed. 
264 1 |a Berlin  |b Springer  |c 1991 
300 |a 210 s. 
610 2 0 |a synergia 
610 2 0 |a synergetika 
610 2 0 |a modely 
100 1 |a Mikhailov, A.S. 
700 1 |a Loskutov, A.YU.